[Event "Mercredi 2009.04.01"]
[Site "Montreal CAN"]
[Date "2009.04.08"]
[Round "2"]
[White "Pomerantz, Daniel"]
[Black "Brodie, Hugh"]
[Result "1-0"]
[WhiteElo "1852"]
[BlackElo "1846"]
[PlyCount "63"]
[EventDate "2009.04.01"]
[EventType "tourn"]
[EventRounds "5"]
[EventCountry "CAN"]

1. e4 c5 2. Nf3 Nc6 3. d4 cxd4 4. Nxd4 g6 5. c4 Bg7 6. Be3 Nf6 7. Nc3 Ng4 8.
Qxg4 Nxd4 9. Qd1 e5 10. Be2 O-O 11. O-O f5 12. f3 d6 13. Qd2 Be6 14. Rfd1 a6
15. Rac1 Qd7 16. b3 Rae8 17. Bd3 f4 18. Bf2 g5 19. Ne2 g4 20. Nxd4 exd4 21. Be2
Be5 22. Bxd4 Qg7 23. Kh1 Rf6 24. fxg4 Bxg4 25. Bf3 Rg6 26. Bxe5 dxe5 27. Bxg4
Rxg4 28. Qd7 Qg6 29. Rd2 Kh8 30. Rd6 Qh5 31. Rh6 Rg7 32. Qxg7+ 1-0

[Event "Mercredi 2009.04.01"]
[Site "Montreal CAN"]
[Date "2009.04.15"]
[Round "3"]
[White "Brodie, Hugh"]
[Black "Baran, Marius"]
[Result "1/2-1/2"]
[WhiteElo "1846"]
[BlackElo "1687"]
[PlyCount "86"]
[EventDate "2009.04.01"]
[EventType "tourn"]
[EventRounds "5"]
[EventCountry "CAN"]

1. f4 d5 2. e3 Nf6 3. b3 Bf5 4. Nf3 h6 5. Bb2 e6 6. Be2 Be7 7. O-O O-O 8. Ne5
Nbd7 9. Bf3 c5 10. d3 Qc7 11. Nd2 Rad8 12. Qe1 Nxe5 13. Bxe5 Qd7 14. Qg3 Ne8
15. e4 Bh7 16. Bb2 f5 17. exd5 exd5 18. Rae1 Bf6 19. Bxf6 Nxf6 20. Re5 Rfe8 21.
Rfe1 Rxe5 22. Rxe5 Re8 23. Qe1 Kf8 24. g3 b5 25. Qe2 Bg8 26. h3 Bf7 27. Kf2 g6
28. Bg2 Qd6 29. Nf3 Nd7 30. Rxe8+ Bxe8 31. Qe1 c4 32. Qc3 Nf6 33. Qd4 cxd3 34.
cxd3 Qb6 35. Qxb6 axb6 36. b4 Bf7 37. Nd4 Be8 38. Bf3 Bd7 39. Ke3 Ke7 40. Nc2
Kd6 41. Kd4 g5 42. fxg5 hxg5 43. Ne3 Be6 1/2-1/2

[Event "Mercredi 2009.04.01"]
[Site "Montreal CAN"]
[Date "2009.04.22"]
[Round "4"]
[White "Brodie, Hugh"]
[Black "Luo, Zhao Yang"]
[Result "1-0"]
[WhiteElo "1846"]
[BlackElo "1768"]
[PlyCount "59"]
[EventDate "2009.04.01"]
[EventType "tourn"]
[EventRounds "5"]
[EventCountry "CAN"]

1. b3 d5 2. Bb2 c5 3. e3 Nc6 4. f4 Nf6 5. Nf3 Bf5 6. Bb5 Qb6 7. Bxc6+ bxc6 8.
O-O a5 9. Nc3 Qa7 10. Ne5 d4 11. Na4 Be4 12. d3 Nd5 13. Nc4 Bxg2 14. Kxg2 dxe3
15. Bc1 g5 16. Bxe3 Rg8 17. f5 Nxe3+ 18. Nxe3 Bg7 19. Rb1 Bd4 20. Qf3 Qc7 21.
Rbe1 g4 22. Qe4 g3 23. h3 Rb8 24. Ng4 Bf2 25. Nf6+ Kf8 26. Nxg8 Bxe1 27. Rxe1
Kxg8 28. Qxe7 Qf4 29. Qe3 Qxf5 30. Qxg3+ 1-0

[Event "Mercredi 2009.04.01"]
[Site "Montreal CAN"]
[Date "2009.04.29"]
[Round "5"]
[White "Mathews, Theo"]
[Black "Brodie, Hugh"]
[Result "0-1"]
[WhiteElo "1721"]
[BlackElo "1846"]
[PlyCount "132"]
[EventDate "2009.04.01"]
[EventType "tourn"]
[EventRounds "5"]
[EventCountry "CAN"]

1. e4 c5 2. Nf3 Nc6 3. d4 cxd4 4. Nxd4 g6 5. Nc3 Bg7 6. Be3 Nf6 7. Be2 O-O 8.
O-O d5 9. exd5 Nxd5 10. Nxd5 Nxd4 11. Bxd4 Qxd5 12. Bxg7 Qxd1 13. Raxd1 Kxg7
14. Bf3 Rb8 15. Rfe1 Re8 16. Rd2 e5 17. Red1 e4 18. Be2 Be6 19. b3 Rbc8 20. c4
Rc7 21. Rd4 Bc8 22. Rd8 Ree7 23. R8d4 Rcd7 24. Kf1 f5 25. c5 Rxd4 26. Rxd4 Rd7
27. Rxd7+ Bxd7 28. b4 Be6 29. a3 Kf6 30. Ke1 Ke5 31. Kd2 Kd4 32. g3 g5 33. Bb5
f4 34. c6 e3+ 35. fxe3+ fxe3+ 36. Ke1 bxc6 37. Bxc6 Bc4 38. h4 gxh4 39. gxh4
Kc3 40. b5 h6 41. a4 Kb4 42. Kd1 Bb3+ 43. Ke2 Bxa4 44. Kxe3 Bxb5 45. Bd5 Bc4
46. Be4 a5 47. Kd2 a4 48. Kc2 a3 49. Bg6 Bb3+ 50. Kb1 Kc3 51. h5 Kd2 52. Ka1
Ke3 53. Kb1 Kf4 54. Ka1 Kg5 55. Be8 Bd1 56. Ka2 Bxh5 57. Bc6 Bf7+ 58. Kxa3 h5
59. Kb2 Kf4 60. Kc2 Ke3 61. Kd1 Kf2 62. Kd2 Be6 63. Be4 h4 64. Kd3 h3 65. Bh1
h2 66. Ke4 Bh3 0-1

[Event "Quebec op U2300"]
[Site "Montreal CAN"]
[Date "2007.07.20"]
[Round "1"]
[White "Robichaud, Louis"]
[Black "Brodie, Hugh"]
[Result "1/2-1/2"]
[WhiteElo "2088"]
[BlackElo "1818"]
[PlyCount "112"]
[EventDate "2007.07.20"]
[EventType "swiss"]
[EventRounds "9"]
[EventCountry "CAN"]

1. e4 c5 2. Nc3 Nc6 3. g3 g6 4. Bg2 Bg7 5. d3 d6 6. f4 e6 7. Nf3 Nge7 8. O-O
O-O 9. Be3 Rb8 10. Rb1 b5 11. e5 b4 12. Ne4 Nd5 13. Bf2 dxe5 14. fxe5 Nxe5 15.
Nxe5 Bxe5 16. Bxc5 Re8 17. d4 Ne3 18. dxe5 Nxd1 19. Rbxd1 Qa5 20. Nf6+ Kh8 21.
Bd6 Ba6 22. Rfe1 Red8 23. h4 Rbc8 24. Be4 Kg7 25. Kh2 Bc4 26. Kh3 h5 27. b3 Bb5
28. Rd4 Qb6 29. Red1 a5 30. R1d2 Bf1+ 31. Kh2 Bb5 32. Kg2 Bc6 33. Bxc6 Qxc6+
34. Ne4 Qa8 35. Kh2 Qa7 36. R4d3 Qb7 37. Re2 Rc6 38. Ng5 Rdc8 39. Rdd2 Rd8 40.
Rf2 Rd7 41. Rd1 Qc8 42. Rdd2 Rc3 43. Ne4 Rc6 44. Kh3 Rb7 45. a3 Rcb6 46. axb4
axb4 47. Ng5 Qc6 48. Rd1 Ra6 49. Rdf1 Raa7 50. Rd2 Ra2 51. Rdf2 Kg8 52. Nxf7
Rxc2 53. Nh6+ Kh8 54. Rf8+ Kg7 55. R1f7+ Rxf7 56. Rxf7+ Kh8 1/2-1/2

[Event "Quebec op U2300"]
[Site "Montreal CAN"]
[Date "2007.07.21"]
[Round "2"]
[White "Brodie, Hugh"]
[Black "Trahan, Daniel"]
[Result "1/2-1/2"]
[WhiteElo "1818"]
[BlackElo "2109"]
[PlyCount "103"]
[EventDate "2007.07.20"]
[EventType "swiss"]
[EventRounds "9"]
[EventCountry "CAN"]

1. e4 c5 2. Nf3 d6 3. c3 Nf6 4. Bd3 Nc6 5. Bc2 Bg4 6. d4 Qa5 7. d5 Ne5 8. Nbd2
g6 9. h3 Bxf3 10. Nxf3 Nxf3+ 11. Qxf3 Bg7 12. O-O O-O 13. Bf4 Nd7 14. Qe3 Ne5
15. Bb3 Qb5 16. Bxe5 Bxe5 17. c4 Qb4 18. Rab1 b5 19. Qe1 Qxe1 20. Rfxe1 Rab8
21. Re2 bxc4 22. Bxc4 Rb4 23. b3 Rfb8 24. Rf1 a5 25. f4 Bd4+ 26. Kh2 f6 27. Rd1
a4 28. Rc2 axb3 29. axb3 Ra8 30. Re1 Ra3 31. Ree2 Rb7 32. Ra2 Rba7 33. Rxa3
Rxa3 34. g3 Kf7 35. Rc2 Ke8 36. h4 Kd8 37. Kg2 Kc7 38. Kf3 Kb6 39. h5 g5 40.
Kg4 gxf4 41. gxf4 Ra1 42. Rh2 Rg1+ 43. Kf5 Kc7 44. Ke6 Rg4 45. Kf5 Rg3 46. Ra2
Rh3 47. Kg4 Re3 48. Ra7+ Kd8 49. Ra8+ Kc7 50. Ra7+ Kd8 51. Ra8+ Kc7 52. Ra7+
1/2-1/2

[Event "Quebec op U2300"]
[Site "Montreal CAN"]
[Date "2007.07.22"]
[Round "3"]
[White "Beaudry, Marc-Andre"]
[Black "Brodie, Hugh"]
[Result "1-0"]
[WhiteElo "2055"]
[BlackElo "1818"]
[PlyCount "81"]
[EventDate "2007.07.20"]
[EventType "swiss"]
[EventRounds "9"]
[EventCountry "CAN"]

1. c4 f5 2. Nf3 Nf6 3. g3 b6 4. Bg2 Bb7 5. d4 e6 6. O-O Be7 7. b3 O-O 8. Bb2
Qc8 9. Nc3 Ne4 10. d5 Bf6 11. Rc1 Na6 12. Nd4 Nac5 13. g4 Bh4 14. gxf5 Bxf2+
15. Rxf2 Nxf2 16. Kxf2 e5 17. Nf3 Rxf5 18. e4 Rf6 19. b4 Na6 20. a3 d6 21. h3
Qe8 22. Kg1 Bc8 23. Qd3 Qh5 24. Ne1 Bb7 25. Ne2 Raf8 26. Ng3 Qe8 27. Rc2 Bc8
28. Bc1 Qg6 29. Kh2 Nb8 30. Nf3 Qe8 31. Nh4 Nd7 32. Ngf5 R6f7 33. Qg3 Kh8 34.
Bf3 Nf6 35. Rg2 Bxf5 36. Nxf5 Qd7 37. Bg5 Ne8 38. Bg4 Qa4 39. Be7 Rg8 40. Nh4
Rxe7 41. Ng6+ 1-0

[Event "Quebec op U2300"]
[Site "Montreal CAN"]
[Date "2007.07.23"]
[Round "4"]
[White "Brodie, Hugh"]
[Black "Drolet, Stephane"]
[Result "0-1"]
[WhiteElo "2118"]
[BlackElo "1818"]
[PlyCount "186"]
[EventDate "2007.07.20"]
[EventType "swiss"]
[EventRounds "9"]
[EventCountry "CAN"]

1. e4 Nc6 2. Nc3 e6 3. d4 d5 4. e5 f6 5. exf6 Qxf6 6. Nf3 Bd6 7. Bg5 Qf7 8. Bb5
Bd7 9. Qd2 Nge7 10. O-O-O h6 11. Be3 O-O-O 12. Kb1 g5 13. h3 Ng6 14. Rhe1 Rhf8
15. Ne2 Kb8 16. Bxc6 Bxc6 17. Nc1 b6 18. Nd3 Rde8 19. Nfe5 Nxe5 20. Nxe5 Bxe5
21. dxe5 Bb7 22. b4 Ba6 23. a4 Bc4 24. Kb2 Qd7 25. Ra1 Kb7 26. a5 Qb5 27. axb6
axb6 28. c3 Rf5 29. f4 gxf4 30. Bxf4 Ref8 31. g3 h5 32. h4 Ra8 33. Rxa8 Kxa8
34. Ra1+ Kb7 35. Qd1 c5 36. Qa4 Qxa4 37. Rxa4 Bb5 38. Ra1 cxb4 39. cxb4 Rf8 40.
Rc1 Bc4 41. Ra1 Rc8 42. Be3 Rf8 43. Bf4 d4 44. Rd1 Rd8 45. Rc1 Bb5 46. Rd1 Be2
47. Rd2 Bc4 48. Rc2 Bd5 49. Rd2 Be4 50. Rd1 Kc6 51. Be3 d3 52. Rd2 Kb5 53. Kc3
Ra8 54. Bd4 Rg8 55. Bf2 Rg4 56. Ra2 Bf5 57. Rb2 Rc4+ 58. Kd2 Kc6 59. b5+ Kb7
60. Be3 Re4 61. Bf4 Re2+ 62. Kc3 Re1 63. Kd2 Ra1 64. Kc3 Ra3+ 65. Kd2 Bg6 66.
Be3 Be8 67. Bd4 Bg6 68. Be3 Ra4 69. Bf4 Bf5 70. Kc3 Re4 71. Kd2 Kc7 72. Kd1 Kd7
73. Kd2 Re2+ 74. Kc3 Re1 75. Kd2 Ra1 76. Be3 Kc7 77. Bf4 Be4 78. Be3 Ra3 79.
Bd4 Bd5 80. Be3 Bc4 81. Kd1 Ra5 82. Bd2 Rxb5 83. Rxb5 Bxb5 84. Bc3 Kc6 85. Kd2
Kd5 86. Ke3 Kc4 87. Bd2 Be8 88. Bc1 b5 89. Kd2 Bg6 90. Bb2 b4 91. Ba1 Kb3 92.
Bd4 Ka2 93. Bc5 b3 0-1

[Event "Quebec op U2300"]
[Site "Montreal CAN"]
[Date "2007.07.24"]
[Round "5"]
[White "Courval, Francois"]
[Black "Brodie, Hugh"]
[Result "1/2-1/2"]
[WhiteElo "1910"]
[BlackElo "1818"]
[PlyCount "43"]
[EventDate "2007.07.20"]
[EventType "swiss"]
[EventRounds "9"]
[EventCountry "CAN"]

1. e4 e6 2. d4 d5 3. e5 c5 4. c3 Qb6 5. Nf3 Bd7 6. Bd3 Bb5 7. O-O Nc6 8. dxc5
Bxc5 9. b4 Be7 10. Be3 Qa6 11. Bxb5 Qxb5 12. Nbd2 Nh6 13. Rc1 Nf5 14. a4 Qd3
15. Ne1 Nxe3 16. Nxd3 Nxd1 17. Rfxd1 O-O 18. b5 Na5 19. c4 dxc4 20. Nxc4 Nxc4
21. Rxc4 Rac8 22. Rdc1 1/2-1/2

[Event "Quebec op U2300"]
[Site "Montreal CAN"]
[Date "2007.07.25"]
[Round "6"]
[White "Pepin, Christian"]
[Black "Brodie, Hugh"]
[Result "1-0"]
[WhiteElo "1959"]
[BlackElo "1818"]
[PlyCount "65"]
[EventDate "2007.07.20"]
[EventType "swiss"]
[EventRounds "9"]
[EventCountry "CAN"]

1. e4 e6 2. d4 d5 3. exd5 exd5 4. c4 c6 5. Nc3 Nf6 6. Nf3 Bd6 7. Be2 O-O 8. O-O
dxc4 9. Bxc4 Nbd7 10. Bg5 h6 11. Bh4 Nb6 12. Bb3 Bg4 13. Qd3 Nbd7 14. h3 Bxf3
15. Qxf3 Qa5 16. Rad1 Rae8 17. g4 g5 18. Bg3 Bxg3 19. Qxg3 c5 20. Qd3 Kg7 21.
Ne2 b5 22. Bc2 c4 23. Qf3 Qb6 24. Ng3 Rh8 25. Rfe1 Kf8 26. Nf5 Qc7 27. Rxe8+
Nxe8 28. Qa3+ Kg8 29. Re1 Nef6 30. Qe7 Qb8 31. Re6 Qf8 32. Rxf6 Nxf6 33. Qxf6
1-0

[Event "Mercredi 2007.05.16"]
[Site "Montreal CAN"]
[Date "2007.05.16"]
[Round "1"]
[White "Brodie, Hugh"]
[Black "Plante, Michel"]
[Result "0-1"]
[WhiteElo "1849"]
[BlackElo "1955"]
[PlyCount "100"]
[EventDate "2007.05.16"]
[EventType "tourn"]
[EventRounds "6"]
[EventCountry "CAN"]

1. e4 d6 2. d4 Nf6 3. Bd3 e5 4. c3 d5 5. Bg5 Be7 6. Bxf6 Bxf6 7. dxe5 Bxe5 8.
Nf3 Bf6 9. exd5 Qxd5 10. Na3 c6 11. Qe2+ Qe6 12. O-O Qxe2 13. Bxe2 O-O 14. Nc2
Nd7 15. Ne3 Ne5 16. Nxe5 Bxe5 17. Nc4 Bf6 18. Bf3 Bf5 19. Na5 Bd3 20. Rfd1 Ba6
21. Rd7 Rad8 22. Rad1 Rxd7 23. Rxd7 Rd8 24. Rxd8+ Bxd8 25. Nb3 Bb6 26. g3 Kf8
27. Kg2 Ke7 28. Be4 g6 29. f4 f5 30. Bc2 Bc4 31. Kf3 Bd5+ 32. Ke2 c5 33. Ke3
Kd6 34. Nc1 c4+ 35. Ke2 Bc5 36. b4 Bb6 37. Ba4 Bd8 38. Ke3 Bb6+ 39. Ke2 Bg1 40.
h4 a6 41. Bd1 Be4 42. a4 b6 43. Na2 a5 44. bxa5 bxa5 45. Nc1 Kd5 46. Kf1 Be3
47. Ne2 Bd2 48. Kf2 Bd3 49. Kf3 h5 50. Kf2 Ke4 0-1

[Event "Mercredi 2007.05.16"]
[Site "Montreal CAN"]
[Date "2007.05.23"]
[Round "2"]
[White "Poschmann, Jeremie"]
[Black "Brodie, Hugh"]
[Result "1/2-1/2"]
[WhiteElo "1852"]
[BlackElo "1849"]
[PlyCount "112"]
[EventDate "2007.05.16"]
[EventType "tourn"]
[EventRounds "6"]
[EventCountry "CAN"]

1. d4 e6 2. c4 f5 3. g3 Nf6 4. Bg2 d5 5. Nf3 c6 6. Nbd2 Bd6 7. c5 Bc7 8. b4
Nbd7 9. Rb1 e5 10. dxe5 Nxe5 11. Nd4 O-O 12. Bb2 Qe8 13. Qb3 Kh8 14. O-O Ne4
15. Nxe4 fxe4 16. a4 Qh5 17. Qc3 Qh6 18. h4 Bd7 19. b5 Ng4 20. Bh3 Be5 21. f3
exf3 22. exf3 Nf6 23. Bxd7 Nxd7 24. Qc2 Qe3+ 25. Qf2 Qxf2+ 26. Kxf2 Nxc5 27. f4
Nxa4 28. Ba1 Bxd4+ 29. Bxd4 c5 30. Ra1 cxd4 31. Rxa4 Rfc8 32. Rxd4 Rc5 33. Rb1
b6 34. f5 Kg8 35. Kf3 Kf7 36. Rbb4 Re8 37. g4 Re1 38. Ra4 Re7 39. Rab4 Re1 40.
Ra4 Rxb5 41. Rxa7+ Re7 42. Ra3 Rc5 43. Rad3 Rd7 44. Kf4 g6 45. fxg6+ hxg6 46.
Kg5 Kg7 47. Re3 Kf7 48. Rf4+ Kg7 49. Rd4 Kf7 50. Rb3 Rd6 51. Kf4 Rc4 52. Ke5
Rxd4 53. Kxd4 Kf6 54. Rb5 Ke6 55. h5 gxh5 56. gxh5 Kf6 1/2-1/2

[Event "Mercredi 2007.05.16"]
[Site "Montreal CAN"]
[Date "2007.05.30"]
[Round "3"]
[White "Brodie, Hugh"]
[Black "Torkan, Behnam"]
[Result "0-1"]
[WhiteElo "1849"]
[BlackElo "1914"]
[PlyCount "108"]
[EventDate "2007.05.16"]
[EventType "tourn"]
[EventRounds "6"]
[EventCountry "CAN"]

1. f4 e6 2. Nf3 Nf6 3. e3 b6 4. b3 Bb7 5. Bb2 Be7 6. Be2 c5 7. O-O Nc6 8. Bb5
a6 9. Bxc6 Bxc6 10. c4 O-O 11. Nc3 d5 12. Ne5 Bb7 13. d3 Qc7 14. Qe1 Rfd8 15.
Rd1 dxc4 16. dxc4 Rxd1 17. Qxd1 Rd8 18. Qe2 Ne4 19. Nxe4 Bxe4 20. Rd1 Bf6 21.
Kf2 Rd6 22. Rd2 Qd8 23. Rxd6 Qxd6 24. g3 Be7 25. Ke1 f6 26. Ng4 Bb7 27. e4 Qc6
28. Nf2 b5 29. Qd3 bxc4 30. Qxc4 Kf8 31. Kd2 a5 32. Qc3 a4 33. bxa4 Qxa4 34.
Qb3 Qc6 35. Ba3 Ba6 36. Qc3 Qd7+ 37. Ke1 Qb5 38. Qe3 Qf1+ 39. Kd2 Qc4 40. Kd1
Kf7 41. f5 Qxa2 42. fxe6+ Kxe6 43. Qf3 Kf7 44. Ng4 Kg8 45. Qf5 Qxa3 46. Qe6+
Kf8 47. Qc6 Qd3+ 48. Ke1 Qd6 49. Qa8+ Kf7 50. e5 fxe5 51. Nxe5+ Ke6 52. Qg8+
Kxe5 53. Qxg7+ Bf6 54. Qg4 Qd4 0-1

[Event "Mercredi 2007.05.16"]
[Site "Montreal CAN"]
[Date "2007.06.06"]
[Round "4"]
[White "Brodie, Hugh"]
[Black "Pregent, Daniel"]
[Result "1-0"]
[WhiteElo "1849"]
[BlackElo "1814"]
[PlyCount "45"]
[EventDate "2007.05.16"]
[EventType "tourn"]
[EventRounds "6"]
[EventCountry "CAN"]

1. e4 c6 2. d3 d5 3. Nd2 e5 4. Ngf3 Nd7 5. g3 Ngf6 6. Bg2 Bd6 7. O-O O-O 8. Re1
Qc7 9. Nf1 d4 10. Nh4 g6 11. Bg5 Re8 12. h3 c5 13. Nh2 Rb8 14. Rf1 Nh5 15. Nf5
Bf8 16. Nh6+ Kg7 17. Qf3 Ndf6 18. N2g4 Re6 19. Nxf6 Nxf6 20. g4 b5 21. Qg3 Reb6
22. f4 R8b7 23. fxe5 1-0

[Event "Mercredi 2007.05.16"]
[Site "Montreal CAN"]
[Date "2007.06.14"]
[Round "5"]
[White "Leclair, Hugues"]
[Black "Brodie, Hugh"]
[Result "1-0"]
[WhiteElo "1797"]
[BlackElo "1849"]
[PlyCount "91"]
[EventDate "2007.05.16"]
[EventType "tourn"]
[EventRounds "6"]
[EventCountry "CAN"]

1. e4 e6 2. Nf3 c5 3. b4 cxb4 4. d4 d5 5. e5 Nc6 6. a3 bxa3 7. c3 Bd7 8. Bxa3
Bxa3 9. Nxa3 a6 10. Bd3 Rc8 11. O-O Nh6 12. Nd2 Qh4 13. Nb3 Ng4 14. h3 h5 15.
Nc5 Rc7 16. Na4 g5 17. Qb3 Nh6 18. Qb6 Rc8 19. Nc5 g4 20. g3 Qe7 21. Nxb7 Rb8
22. Bxa6 gxh3 23. Nb5 O-O 24. N5d6 h4 25. Bb5 Qg5 26. Ra2 hxg3 27. fxg3 Qxg3+
28. Kh1 Qxc3 29. Bxc6 Bxc6 30. Qc5 Qxc5 31. Nxc5 Rb4 32. Rf4 Kh7 33. Nxe6 Rg8
34. Nxf7 Rb1+ 35. Kh2 Rgg1 36. Nfg5+ Kg6 37. Rf6+ Kh5 38. Nf4+ Kg4 39. Ngxh3
Rh1+ 40. Kg2 Nf5 41. Nf2+ Kxf4 42. Nxh1 Bb5 43. Ng3 Bd3 44. Rf2+ Kg4 45. Rg6+
Kh4 46. Rf4# 1-0

[Event "Mercredi 2007.01.10"]
[Site "Montreal CAN"]
[Date "2007.01.10"]
[Round "1"]
[White "Brodie, Hugh"]
[Black "Forget, Luc"]
[Result "0-1"]
[WhiteElo "1882"]
[BlackElo "1943"]
[PlyCount "80"]
[EventDate "2007.01.10"]
[EventType "tourn"]
[EventRounds "5"]
[EventCountry "CAN"]

1. e4 e5 2. Nc3 Nf6 3. f4 d5 4. fxe5 Nxe4 5. Nf3 Be7 6. d4 Bg4 7. Bd3 Bb4 8.
Bd2 Bxf3 9. Qxf3 Qh4+ 10. g3 Nxd2 11. Kxd2 Qxd4 12. Rhf1 O-O 13. Rae1 Nc6 14.
Qh5 g6 15. Qh6 Nxe5 16. Rf4 Nc4+ 17. Kc1 Qg7 18. Qxg7+ Kxg7 19. Bxc4 Bxc3 20.
bxc3 dxc4 21. Rxc4 c6 22. Re7 Rab8 23. Rb4 Rfe8 24. Rbxb7 Rxb7 25. Rxb7 Re2 26.
Rxa7 Rxh2 27. Rd7 h5 28. a4 h4 29. gxh4 Rxh4 30. Rd4 Rh5 31. Rc4 Ra5 32. Rxc6
Rxa4 33. Kd2 Re4 34. Kd3 Re6 35. Rxe6 fxe6 36. Ke4 Kf6 37. c4 Ke7 38. c5 Kd7
39. Kf4 Kc6 40. Kg5 e5 0-1

[Event "Mercredi 2007.01.10"]
[Site "Montreal CAN"]
[Date "2007.01.17"]
[Round "2"]
[White "Dominique, Vladimir"]
[Black "Brodie, Hugh"]
[Result "1/2-1/2"]
[WhiteElo "1826"]
[BlackElo "1882"]
[PlyCount "128"]
[EventDate "2007.01.10"]
[EventType "tourn"]
[EventRounds "5"]
[EventCountry "CAN"]

1. e4 c5 2. Nf3 Nc6 3. d4 cxd4 4. Nxd4 g6 5. Nc3 Bg7 6. Be3 Nf6 7. f3 O-O 8.
Bc4 Qa5 9. Qd2 Qb4 10. Nxc6 bxc6 11. Bb3 d5 12. O-O Ba6 13. Rfd1 dxe4 14. Nxe4
Qxd2 15. Nxd2 Rfd8 16. Nc4 Nd5 17. Bd4 Bxd4+ 18. Rxd4 Bxc4 19. Rxc4 Rac8 20.
Re1 e6 21. c3 Kf8 22. Rd4 c5 23. Rh4 h5 24. Kf2 Ne7 25. Ke2 Nf5 26. Ra4 Rc7 27.
Rd1 Ke7 28. Rxd8 Kxd8 29. Bc2 Nd6 30. Ke3 e5 31. g4 hxg4 32. fxg4 f5 33. h4 Rh7
34. h5 gxh5 35. gxf5 Rf7 36. Ra6 Nxf5+ 37. Bxf5 Rxf5 38. Rxa7 Rf1 39. Rh7 Ra1
40. Rxh5 Rxa2 41. Rxe5 Rxb2 42. Rxc5 Kd7 43. Kd4 Kd6 44. Rc8 Kd7 45. Rh8 Kc7
46. Kc5 Rg2 47. Rh7+ Kc8 48. c4 Rg5+ 49. Kc6 Rg6+ 50. Kb5 Rg1 51. Rf7 Rg2 52.
Kb6 Rg6+ 53. Kb5 Rg5+ 54. c5 Rg1 55. Kb6 Rb1+ 56. Kc6 Kb8 57. Rf8+ Ka7 58. Kd6
Rd1+ 59. Kc7 Rh1 60. c6 Rh7+ 61. Kc8 Kb6 62. Rf6 Rc7+ 63. Kd8 Rxc6 64. Rxc6+
Kxc6 1/2-1/2

[Event "Mercredi 2007.01.10"]
[Site "Montreal CAN"]
[Date "2007.01.24"]
[Round "3"]
[White "Brodie, Hugh"]
[Black "Courval, Francois"]
[Result "0-1"]
[WhiteElo "1882"]
[BlackElo "1898"]
[PlyCount "86"]
[EventDate "2007.01.10"]
[EventType "tourn"]
[EventRounds "5"]
[EventCountry "CAN"]

1. f4 d5 2. e3 c5 3. b3 Nf6 4. Nf3 Bg4 5. Bb2 e6 6. Bb5+ Nbd7 7. O-O Be7 8. Qe1
O-O 9. Bxd7 Bxf3 10. Bxe6 Be4 11. Bh3 Bxc2 12. Nc3 Re8 13. Qg3 Bf8 14. d4 c4
15. bxc4 dxc4 16. Qf2 Bd3 17. Rfe1 b5 18. a3 Rb8 19. g3 a5 20. Bf1 b4 21. axb4
axb4 22. Bxd3 bxc3 23. Bxh7+ Kxh7 24. Bxc3 Ne4 25. Qc2 g6 26. Ra7 Qd5 27. Rea1
Nxc3 28. Qxc3 Rb3 29. Qa5 Qxa5 30. R1xa5 Rexe3 31. Rxf7+ Kg8 32. Rf6 Re2 33.
Ra1 Bg7 34. Rxg6 c3 35. Rc6 Bxd4+ 36. Kh1 Rbb2 37. Rc8+ Kh7 38. Rc7+ Bg7 39. h4
c2 40. Rc1 Rd2 41. Re7 Rd1+ 42. Re1 Rxc1 43. Rxc1 Rb1 0-1

[Event "Mercredi 2007.01.10"]
[Site "Montreal CAN"]
[Date "2007.01.31"]
[Round "4"]
[White "Pregent, Daniel"]
[Black "Brodie, Hugh"]
[Result "0-1"]
[WhiteElo "1757"]
[BlackElo "1882"]
[PlyCount "58"]
[EventDate "2007.01.10"]
[EventType "tourn"]
[EventRounds "5"]
[EventCountry "CAN"]

1. d4 e6 2. Nf3 f5 3. g3 Nf6 4. Bg2 d5 5. O-O Bd6 6. c4 c6 7. b3 Qe7 8. Nc3 O-O
9. Qc2 Nbd7 10. Bb2 Ne4 11. Rad1 Ndf6 12. Ne5 Bd7 13. f3 Ng5 14. e4 fxe4 15.
fxe4 dxe4 16. Nxe4 Ngxe4 17. Bxe4 Bxe5 18. dxe5 Nxe4 19. Qxe4 Rxf1+ 20. Rxf1
Be8 21. Qe3 c5 22. Rd1 Rd8 23. Rf1 Bc6 24. a3 b6 25. Bc3 Ba8 26. Kf2 Qf7+ 27.
Qf4 Qg6 28. Kg1 h6 29. b4 Qc2 0-1

[Event "Mercredi 2007.01.10"]
[Site "Montreal CAN"]
[Date "2007.02.07"]
[Round "5"]
[White "Brodie, Hugh"]
[Black "Gadbois, Patrick"]
[Result "0-1"]
[WhiteElo "1882"]
[BlackElo "1916"]
[PlyCount "80"]
[EventDate "2007.01.10"]
[EventType "tourn"]
[EventRounds "5"]
[EventCountry "CAN"]

1. f4 Nf6 2. Nf3 g6 3. b3 Bg7 4. Bb2 O-O 5. e3 d6 6. Be2 c5 7. O-O Nc6 8. Bb5
Bd7 9. Bxc6 Bxc6 10. Qe1 b5 11. d3 a5 12. Nbd2 a4 13. e4 a3 14. Bxf6 Bxf6 15.
Rd1 e6 16. Qg3 c4 17. dxc4 bxc4 18. Nxc4 Bxe4 19. Rxd6 Qc7 20. Rd2 Rfd8 21. Qe1
Bd5 22. Nfe5 Be7 23. Re2 f6 24. Ng4 Bxc4 25. bxc4 Qxc4 26. Rxe6 Rd1 27. Qxd1
Qxe6 28. Re1 Bc5+ 29. Kh1 Qxa2 30. Nxf6+ Kg7 31. Nd7 Rd8 32. Qe2 Bd6 33. Nb6
Qf7 34. Qd3 Be7 35. Qc3+ Kg8 36. g3 a2 37. f5 Bf6 38. fxg6 Bxc3 39. gxf7+ Kxf7
40. Rf1+ Kg7 0-1

[Event "Active"]
[Site "Longueuil CAN"]
[Date "2006.09.26"]
[Round "1"]
[White "Brodie, Hugh"]
[Black "Lanthier, Steve"]
[Result "1-0"]
[WhiteElo "1900"]
[BlackElo "1850"]
[PlyCount "39"]
[EventDate "2006.09.26"]
[EventType "tourn (rapid)"]
[EventRounds "3"]
[EventCountry "CAN"]

1. e4 e5 2. Nc3 Nf6 3. f4 Nc6 4. fxe5 Nxe5 5. d4 Ng6 6. e5 Ng8 7. Nf3 Bb4 8.
Bc4 d5 9. exd6 Qxd6 10. O-O Bxc3 11. bxc3 c6 12. a4 Bd7 13. Ba3 Qc7 14. d5 f6
15. Re1+ Ne5 16. Nxe5 fxe5 17. Qh5+ g6 18. Qg5 c5 19. Rxe5+ Kf7 20. Rf1+ 1-0

[Event "New Season Swiss (Box Hill CC)"]
[Site "Melbourne AUS"]
[Date "2006.02.21"]
[Round "1"]
[White "Brodie, Hugh"]
[Black "Afshar, Afshin"]
[Result "1-0"]
[WhiteElo "1851"]
[BlackElo "1801"]
[PlyCount "89"]
[EventDate "2006.02.21"]
[EventType "swiss"]
[EventRounds "5"]
[EventCountry "AUS"]

1. e4 e5 2. Nc3 Nf6 3. f4 d6 4. Nf3 Bg4 5. Bc4 Nc6 6. h3 Bxf3 7. Qxf3 Nd4 8.
Qd1 Qd7 9. d3 b5 10. Bb3 Be7 11. Ne2 Nxb3 12. axb3 O-O 13. Ng3 exf4 14. Bxf4
Qc6 15. Nf5 Bd8 16. O-O a5 17. c3 a4 18. Be3 Ne8 19. bxa4 bxa4 20. Qg4 f6 21.
Rf3 Qb5 22. Rg3 g6 23. Qh5 Qd7 24. Ne7+ Qxe7 25. Qd5+ Kh8 26. Qxa8 Qe5 27. Rf3
Ng7 28. Qxa4 Ne6 29. Raf1 Kg7 30. Qc4 Re8 31. b4 h6 32. Bf4 Qh5 33. g4 Qh4 34.
Kg2 h5 35. gxh5 Qxh5 36. Qd5 Nxf4+ 37. Rxf4 Re5 38. Qd4 Rg5+ 39. Kh2 Qe2+ 40.
Qf2 Qxd3 41. Rxf6 Qxe4 42. Rf7+ Kh6 43. Rh7+ Kxh7 44. Qf7+ Kh6 45. Qf8+ 1-0

[Event "CAN-op"]
[Site "Edmonton CAN"]
[Date "2005.07.09"]
[Round "1.84"]
[White "Brodie, Hugh"]
[Black "O'Brien, Sandy"]
[Result "1-0"]
[WhiteElo "1915"]
[BlackElo "1392"]
[PlyCount "35"]
[EventDate "2005.07.09"]
[EventType "swiss"]
[EventRounds "10"]
[EventCountry "CAN"]

1. e4 e5 2. Nc3 Nc6 3. Bc4 Nf6 4. d3 Bb4 5. Bd2 O-O 6. f4 d6 7. Nf3 Bg4 8. h3
Bxf3 9. Qxf3 Nd4 10. Qd1 c6 11. O-O h6 12. a3 Bc5 13. Kh1 Qc7 14. fxe5 dxe5 15.
Rxf6 gxf6 16. Qh5 Ne6 17. Bxh6 Ng5 18. Qg6+ 1-0

[Event "CAN-op"]
[Site "Edmonton CAN"]
[Date "2005.07.10"]
[Round "2.23"]
[White "Reeve, Jeff"]
[Black "Brodie, Hugh"]
[Result "1-0"]
[WhiteElo "2364"]
[BlackElo "1915"]
[PlyCount "75"]
[EventDate "2005.07.09"]
[EventType "swiss"]
[EventRounds "10"]
[EventCountry "CAN"]

1. Nf3 f5 2. g3 b6 3. Bg2 Bb7 4. O-O Nf6 5. c4 e6 6. Nc3 Bb4 7. Qc2 O-O 8. d3
Bxc3 9. Qxc3 c5 10. a3 Qe8 11. b4 Nc6 12. bxc5 bxc5 13. Rb1 Nd8 14. Bf4 Qe7 15.
Qe5 Nf7 16. Qc7 Bc6 17. Ne5 Bxg2 18. Kxg2 Rfc8 19. Qb7 g5 20. Nc6 Qf8 21. Nb8
gxf4 22. Qxa8 fxg3 23. hxg3 Ne5 24. Qb7 Qd8 25. Na6 d6 26. Qxc8 Qxc8 27. Rb8
Qf8 28. Rxf8+ Kxf8 29. Rb1 Nc6 30. Rb7 Nd4 31. Kf1 Ke8 32. Rxa7 Nc6 33. Rg7 Kf8
34. Rc7 Ne7 35. Nb8 Ke8 36. Nc6 Ng6 37. a4 Nd7 38. a5 1-0